000
00257nam a22001097a 4500
008
170112b xxu||||| |||| 00| 0 eng d
020
_a
072162992X
041
_a
eng
080
_a
618.2
245
_a
COMPREHENSIVE NEONATAL NURSING
_c
KENNER, C
942
_2
udc
_c
BK
999
_c
2766
_d
2766